000 00726nam a2200229 a 4500
001 000014749
005 20240412074241.0
008 100120s2006 dr 001 0 spa d
020 _a0979101115
040 _aDO-SdBNP
_bspa
_cBNPHU
082 _aRD861.44
_bV164e
100 1 _aValerio- Holguín, Fernando,
_d1956-
_916454
245 1 4 _aLas eras del viento /
_cFernando Valerio-Holguín.
260 _aEstados Unidos :
_bObsidiana Press,
_c2006.
300 _a76 p. ;
_c22 cm.
490 1 _aNuevos grandes autores
590 _aInventariado, 2019/LP
650 0 _aPoesía dominicana
_966
650 0 _aLiteratura dominicana.
_967
830 0 _aNuevos grandes autores
_918315
910 _aValidado. Control de calidad BNPHU
999 _c14332
_d14332